Anuario administrativo y estadístico de la provincia de Madrid para el año.. / (Record no. 2504)

MARC details
000 -LEADER
campo de control de longitud fija 00883nas a2200241 i 4500
001 - NÚMERO DE CONTROL
campo de control 2504
003 - IDENTIFICADOR DE NÚMERO DE CONTROL
campo de control ES-MaACL
005 - FECHA Y HORA DE LA ÚLTIMA TRANSACCIÓN
campo de control 20250217134641.0
007 - CAMPO FIJO DE DESCRIPCIÓN FÍSICA--INFORMACIÓN GENERAL
campo de control de longitud fija t|
008 - DATOS DE LONGITUD FIJA--INFORMACIÓN GENERAL
campo de control de longitud fija 950801d18681869sp | s| 1 ||pa d
080 ## - NÚMERO DE LA CLASIFICACIÓN DECIMAL UNIVERSAL
Número de la Clasificación Decimal Universal 35
245 00 - MENCIÓN DEL TÍTULO
Título Anuario administrativo y estadístico de la provincia de Madrid para el año.. /
Mención de responsabilidad, etc. redactado de orden del Excmo. Sr. Gobernador Francisco Javier de Bona ... publicado por acuerdo y a expensas de la Excma. Diputación Provincial.
260 ## - PUBLICACIÓN, DISTRIBUCIÓN, ETC.
Lugar de publicación, distribución, etc. Madrid :
Nombre del editor, distribuidor, etc. Diputación Provincial,
Fecha de publicación, distribución, etc. 1868-1869.
300 ## - DESCRIPCIÓN FÍSICA
Extensión 1 v. (VIII, 726 p.) ;
Dimensiones 25 cm.
310 ## - PERIODICIDAD ACTUAL
Periodicidad actual Anual
362 0# - FECHAS DE PUBLICACIÓN Y/O DESIGNACIÓN SECUENCIAL
Fecha de publicación y/o designación secuencial 1868.
651 #4 - PUNTO DE ACCESO ADICIONAL DE MATERIA--NOMBRE GEOGRÁFICO
Nombre geográfico Madrid (Comunidad Autónoma )-
Subdivisión de forma Estadísticas.
9 (RLIN) 141781
700 1# - ENTRADA AGREGADA--NOMBRE PERSONAL
Nombre de persona Bona, Fracisco Javier de.
9 (RLIN) 30045
710 1# - ENTRADA AGREGADA--NOMBRE DE ENTIDAD CORPORATIVA
Nombre de entidad corporativa o nombre de jurisdicción como elemento de entrada Madrid (Provincia).
Unidad subordinada Diputación Provincial.
9 (RLIN) 134671
852 ## - LOCALIZACIÓN
Ubicación ES-MaACL
Número de control de estantería B-9332
866 #0 - MENCIÓN TEXTUAL DE FONDOS--UNIDAD BIBLIOGRÁFICA BÁSICA
Fondos 1868.
Holdings
Estatus retirado Estado de pérdida Estado de daño No para préstamo Colección Biblioteca de origen Biblioteca actual Ubicación en estantería Fecha de adquisición Fuente de adquisición Total de préstamos Signatura topográfica completa Código de barras Visto por última vez Precio de reemplazo Tipo de ítem Koha
        Periódicos y Revistas Biblioteca del Ateneo de Madrid Biblioteca del Ateneo de Madrid Sala Pardo Bazán 17/01/2008     B-9332 1002547 23/02/2023 23/02/2023 Revista